|
|
|
|
| LEADER |
00000nam a22000007a 4500 |
| 005 |
20130115180015.0 |
| 007 |
cr|||| |||| |
| 008 |
130115e2010 sp |||||s|||| 00||0 spa d |
| 020 |
|
|
|a 978-84-8004-994-8
|
| 035 |
|
|
|a 6939
|
| 040 |
|
|
|a 978-84-8004-994-8
|
| 090 |
|
|
|c 3523
|d 3523
|
| 100 |
1 |
0 |
|a Mendoza Moreno, David
|
| 245 |
1 |
0 |
|a Situacin̤ actual y retos del Rǧimen Jurd̕ico del Trabajo de personas en situacin̤ de exclusin̤ social y con discapacidad en Espaą
|h [Recurso electrn̤ico]
|
| 256 |
|
|
|a Servicio en ln̕ea
|
| 260 |
|
|
|a Barcelona ; Madrid :
|b Universidad Autn̤oma de Barcelona : Editorial Universitaria Ramn̤ Areces,
|c 2010
|
| 300 |
|
|
|a 1 Recurso electrn̤ico
|
| 650 |
0 |
4 |
|a Discapacitado
|
| 650 |
0 |
4 |
|a Integracin̤ social
|
| 740 |
|
|
|a vLex Libros (Servicio en ln̕ea)
|
| 856 |
|
|
|a Acceso restringido
|u http://vlex.com/source/6939
|
| 942 |
|
|
|c BOOK
|
| 999 |
|
0 |
|a People with disabilities
|
| 999 |
|
0 |
|a Social integration
|